000 00688nam a2200229 i 4500
001 bgj
100 1 _aSMITH, Barry M.
245 1 0 _aPowereading :
_bbook 3 : study skills /
_cBarry M. Smith ; Edward Spargo ; Betty Hamilton Pryce.
250 _a[Repr.].
260 _aProvidence, RI :
_bP.A.R Incorporated,
_c1985.
300 _a142 pp :
_bgraphs ;
_c28 cm.
650 9 _aEnglish language
_xReading
655 _aTextbooks for foreigners
700 1 _aSPARGO, Edward.
_eco-author
700 1 _aPRYCE, Betty Hamilton.
_eco-author
020 _a0897020332
040 _cBPK
041 0 _aeng
920 _a0-89702-033-2
942 _cKS
008 s uk f |000 0 eng
999 _c47722
_d47722
856 _uhttp://koha.tu.koszalin.pl/cgi-bin/koha/opac-detail.pl?biblionumber=47722
_yKatalog online BPK